Simple Sequels Quiz Stats

Quiz Updated Nov 9, 2016

Challenge
Share
Tweet
Embed
Score 0/24 Timer 04:00
4 Plays Today
Original Movie Sequel % Correct
Ocean's Eleven (2001)Ocean's Twelve
92.9%
The Whole Nine Yards (2000)The Whole Ten Yards
77.6%
Analyze This (1999)Analyze That
76.5%
Look Who's Talking (1989)Look Who's Talking Too
71.6%
The Matrix (1999) The Matrix Reloaded
70.9%
Alien (1979)Aliens
68.9%
I Know What You Did Last Summer (1997) I Still Know What You Did Last Summer
60.5%
Grumpy Old Men (1993)Grumpier Old Men
55.8%
Tron (1982)Tron: Legacy
53.9%
28 Days Later (2002)28 Weeks Later
52.6%
Friday (1995)Next Friday
50.9%
The Fast and the Furious (2001)2 Fast 2 Furious
48.6%
Original Movie Sequel % Correct
Before Sunrise (1995)Before Sunset
47.2%
An American Werewolf in London (1981)An American Werewolf in Paris
43.9%
Blues Brothers (1980)Blues Brothers 2000
36.7%
Escape from New York (1981)Escape from L.A.
36%
48 Hours (1982)Another 48 Hours
34.4%
Fletch (1988)Fletch Lives
24.5%
Conan the Barbarian (1982)Conan the Destroyer
23.8%
Teen Wolf (1985)Teen Wolf Too
21.8%
The Mask of Zorro (1998)The Legend of Zorro
17.7%
Funny Girl (1968)Funny Lady
13.7%
National Velvet (1944)International Velvet
9.9%
American Graffiti (1973)More American Graffiti
9.3%

You're not logged in!

Compare scores with friends on all Sporcle quizzes.
Sign Up with Email
OR
Log In

You Might Also Like...

Show Comments

Extras

Top Quizzes Today


Score Distribution

Your Account Isn't Verified!

In order to create a playlist on Sporcle, you need to verify the email address you used during registration. Go to your Sporcle Settings to finish the process.